00694 2200277 4500001002100000005001500021035002000036007000300056008004100059020002200100082000800122084001400130100002500144245005100169250001000220260004800230300003100278500001100309500001400320650001400334504002400348990001100372990001100383990001100394990001100405INLIS00000000000565020200630092831 a0010-0420000044ta200630 g 0 ind  a978-602-855-212-7 a600 a600 AND e0 aANDARINI, Trisnasari1 aEnsiklopedi Teknologi 2 /cAndarini Trisnasari acet.1 aJakarta :bKenanga Pustaka Indonesia,c2009 a66 hlm. :bilus. ;c25 cm. aIndeks aGlosarium 4aTEKNOLOGI aBibliografi :hlm.66 a7390 a a7390 b a7390 c a7390 d